01122nam a2200253 a 450000100100000000500170001000800410002704000250006808200180009310000370011124500800014826000340022830000300026249000720029249000330036450000630039750001700046060000500063065000410068083000800072183000410080104900090084299900170085100002066620240229073921.0100521s1992 dr c 000 0 spa d aDO-SdBNPbspacBPJMB a928.61bM425c1 aMateo, Andrés L.,d 1946-977610aCamila Henríquez Ureña :bla virtud del anonimato /cAndrés L. Mateo. aSanto Domingo :bUASD,c1992. a23 p. :bretrs. ;c21 cm.1 aPublicaciones de la Universidad Autónoma de Santo Domingovv. 7011 aLiteratura y Sociedadvv. 13 aIncluye datos biográficos del autor en la contracubierta aEdición de la comisión Permanente de la Feria Nacional del Libro y de la Universidad Autónoma de Santo Domingo, con motivo de la Feria Iberoamericana del libro14aHENRÍQUEZ UREÑA, CAMILA,d1894-197392536 4aHenríquez ureña (familia)940787 0aPublicaciones de la Universidad Autónoma de Santo Domingonno. 701943420 0aLiteratura y Sociedadnno. 13943421 aBNPD c20170d20170